000 01108nam a2200313 c 4500
001 45840
003 ES-MaCES
005 20200226040015.0
008 150313s2014 sp ||| | spa d
017 _aM 21432-2009
_bDL
040 _aES-MaCES
_bspa
_cES-MaCES
245 0 0 _aSiria
_b: esperanzas defraudadas
_c[con la col. de los autores, Ignacion Álvarez Ossorio ... et al.]
260 _aMadrid
_bConfederación Sindical de Comisiones Obreras
_c[2014]
300 _a87 p.
_c24 cm
490 1 _aCuadernos de información sindical
_v44-2014
541 _cGratuito
650 4 _aguerra civil
_926697
650 4 _aconflicto armado
_930364
650 4 _arégimen político
_927201
650 4 _acondiciones económicas
_927081
650 4 _acondiciones de vida
_927111
650 4 _aRepública Arabe Siria
_926988
653 1 0 _aAdministración-Instituciones públicas
700 1 _935208
_aÁlvarez Ossorio, Ignacio
_ecol.
710 2 _aComisiones Obreras
_eed.
_92105
830 0 _aCuadernos de información sindical
_v44-2014
_932326
902 _aDOC Literatura gris
942 _2CES
_cBK
_h7.0.
999 _c45840
_d45840